The sultan's court : (Record no. 5021)
[ view plain ]
| 000 -LEADER | |
|---|---|
| fixed length control field | 01086nac a22002531u 4500 |
| 010 ## - LIBRARY OF CONGRESS CONTROL NUMBER | |
| LC control number | 98029248 |
| 020 ## - INTERNATIONAL STANDARD BOOK NUMBER | |
| International Standard Book Number | 1859848168 |
| 020 ## - INTERNATIONAL STANDARD BOOK NUMBER | |
| International Standard Book Number | 1859841228 (pbk.) |
| 082 00 - DEWEY DECIMAL CLASSIFICATION NUMBER | |
| Classification number | 320.456109032 |
| Item number | G8779 |
| 090 ## - LOCALLY ASSIGNED LC-TYPE CALL NUMBER (OCLC); LOCAL CALL NUMBER (OCLC) | |
| -- | 5021 |
| -- | 5021 |
| 100 ## - MAIN ENTRY--PERSONAL NAME | |
| Personal name | Grosrichard, Alain, |
| 245 14 - TITLE STATEMENT | |
| Title | The sultan's court : |
| Remainder of title | European fantasies of the East / |
| Statement of responsibility, etc | Alain Grosrichard ; translated by Liz Heron ; with an introduction by Mladen Dolar. |
| 260 ## - PUBLICATION, DISTRIBUTION, ETC. (IMPRINT) | |
| Place of publication, distribution, etc | London ; |
| -- | New York : |
| Name of publisher, distributor, etc | Verso,c.1998. |
| Date of publication, distribution, etc | c.1998. |
| 300 ## - PHYSICAL DESCRIPTION | |
| Extent | xxvii, 222 p. ; |
| Dimensions | 23 cm. |
| 440 #0 - | |
| -- | Wo es war |
| 504 ## - BIBLIOGRAPHY, ETC. NOTE | |
| Bibliography, etc | Includes bibliographical references (p. 193-222). |
| 650 #0 - SUBJECT ADDED ENTRY--TOPICAL TERM | |
| Topical term or geographic name as entry element | Despotism |
| Geographic subdivision | Turkey |
| General subdivision | Public opinion. |
| 650 #0 - SUBJECT ADDED ENTRY--TOPICAL TERM | |
| Topical term or geographic name as entry element | East and West. |
| 651 #0 - SUBJECT ADDED ENTRY--GEOGRAPHIC NAME | |
| Geographic name | Turkey |
| General subdivision | Court and courtiers |
| -- | Public opinion. |
| 651 #0 - SUBJECT ADDED ENTRY--GEOGRAPHIC NAME | |
| Geographic name | Turkey |
| General subdivision | Foreign public opinion, Western. |
| 856 41 - ELECTRONIC LOCATION AND ACCESS | |
| Materials specified | Table of contents |
| Uniform Resource Identifier | <a href="http://www.loc.gov/catdir/toc/fy035/98029248.html">http://www.loc.gov/catdir/toc/fy035/98029248.html</a> |
| 942 ## - ADDED ENTRY ELEMENTS (KOHA) | |
| Item type | NB - Book (Non borrowing) |
| Call number prefix | 320.456109032G8779 |
| Withdrawn status | Item status | Damaged status | Not for loan | Home library | Current library | Shelving location | Date acquired | Source of acquisition | Total Checkouts | Full call number | Barcode | Date last seen | Date last borrowed | Koha item type |
|---|---|---|---|---|---|---|---|---|---|---|---|---|---|---|
| Central Library | Central Library | First floor | 07/10/2009 | Purchase | 1 | 320.456109032 GRO | 000006329 | 15/07/2025 | 02/02/2009 | NB - Book (Non borrowing) |